El "Nihilismo" (Record no. 24171)

MARC details
000 -LEADER
campo de control de longitud fija 00496nam a2200169 i 4500
001 - NÚMERO DE CONTROL
campo de control 24171
003 - IDENTIFICADOR DE NÚMERO DE CONTROL
campo de control ES-MaACL
005 - FECHA Y HORA DE LA ÚLTIMA TRANSACCIÓN
campo de control 20230906153013.0
007 - CAMPO FIJO DE DESCRIPCIÓN FÍSICA--INFORMACIÓN GENERAL
campo de control de longitud fija t|
008 - DATOS DE LONGITUD FIJA--INFORMACIÓN GENERAL
campo de control de longitud fija 021216s1906 sp ||||1| spa d
100 1# - ENTRADA PRINCIPAL--NOMBRE DE PERSONA
Nombre de persona Amoraga y Olozaga, Antonio.
9 (RLIN) 21300
245 13 - MENCIÓN DEL TÍTULO
Título El "Nihilismo"
Resto del título : memoria /
Mención de responsabilidad, etc. Antonio Amoraga y Olozaga.
260 ## - PUBLICACIÓN, DISTRIBUCIÓN, ETC.
Lugar de publicación, distribución, etc. Madrid :
Nombre del editor, distribuidor, etc. [s.n.],
Fecha de publicación, distribución, etc. 1906 (
Fabricante Imp. De la Fuente)
300 ## - DESCRIPCIÓN FÍSICA
Extensión 17 p. ;
Dimensiones 22 cm.
650 #4 - PUNTO DE ACCESO ADICIONAL DE MATERIA--TÉRMINO DE MATERIA
Término de materia o nombre geográfico como elemento de entrada Nihilismo (Política)
9 (RLIN) 159081
852 ## - LOCALIZACIÓN
Ubicación ES-MaACL
Número de control de estantería T-1073-F-1
Holdings
Estatus retirado Estado de pérdida Estado de daño No para préstamo Colección Biblioteca de origen Biblioteca actual Ubicación en estantería Fecha de adquisición Fuente de adquisición Total de préstamos Signatura topográfica completa Código de barras Visto por última vez Precio de reemplazo Tipo de ítem Koha
        Colección de folletos Biblioteca del Ateneo de Madrid Biblioteca del Ateneo de Madrid Depósito folletos 17/01/2008     T-1073-F-1 1024916 23/02/2023 23/02/2023 Folleto